| 000 | 01547cam a22004097a 4500 | ||
|---|---|---|---|
| 003 | CHAP | ||
| 005 | 20220817043928.0 | ||
| 008 | 040226d1999 cr ad r 00010 spa d | ||
| 010 | _a88102 | ||
| 011 | _a89074 | ||
| 035 | _a99623 | ||
| 040 | _cCHAP | ||
| 090 | _aFolleto 16731 | ||
| 100 | 0 | 0 |
_aEspinoza, Rebeca. _938094 |
| 245 | 1 | 0 |
_aNormas para la gestión de calidad de productos y manejo medioambiental: _bprincipales elementos _c/por Rebeca Espinoza ...[et. al] |
| 260 |
_aSan José, CR : _bInstituto Interamericano de Cooperación para la Agricultura, _c1999 |
||
| 300 |
_a28 h. : _bilus., cuadro |
||
| 410 | 2 | 1 | _aInstituto Interamericano de Cooperación para la Agricultura |
| 490 | 0 |
_aCuaderno técnico _v; 11 |
|
| 500 | _aFotocopia | ||
| 590 |
_aBATCH-UPD _b10 _c20130110 _lUCH01 _h0747 |
||
| 590 |
_aBATCH-UPD _b10 _c20130410 _lUCH01 _h0428 |
||
| 590 |
_aBATCH-UPD _b10 _c20130914 _lUCH01 _h0818 |
||
| 590 |
_aCONVERSION _b10 _c20130109 _lUCH01 _h1349 |
||
| 650 | 1 | 4 |
_aCalidad _xControl de la. _917484 |
| 650 | 1 | 4 |
_aMedio ambiente _xLeyes. _974098 |
| 650 | 1 | 4 |
_aMedio ambiente _xPreservación. _974105 |
| 650 | 1 | 4 |
_aProductos agrícolas _xNormas de calidad. _992001 |
| 810 | 2 | 1 | _aInstituto Interamericano de Cooperación para la Agricultura |
| 830 | 0 | 0 |
_aCuaderno técnico _v; 11 _929725 |
| 901 | _aBK | ||
| 905 | _aMarco A. Mendoza T. | ||
| 911 | _aCustodia | ||
| 942 | _cFOLL | ||
| 949 |
_aFolleto 16731 _bBC _cFOLL _d33724002130389 _eTS2 _fc.2 _gI.c/e _i99623 _sb |
||
| 949 |
_aFolleto 16731 _bBC _cFOLL _d996231 _eTS1 _gFotocopia _i99623 _sb |
||
| 999 |
_c88102 _d88102 |
||